[Event "PLZEN 2022 – CALLIDITAS OPEN"]
[Site "Plzen (Ceska republika)"]
[Date "2022.08.22"]
[Round "3.17"]
[White "Syrovatka, Cenek"]
[Black "Diachek, Andriy"]
[Result "0-1"]
[WhiteElo "1820"]
[BlackElo "1516"]
[PlyCount "50"]
[EventDate "2022.08.20"]

1. d4 Nf6 2. c4 e6 3. Nc3 Bb4 4. Qc2 d6 5. Bg5 O-O 6. a3 Bxc3+ 7. bxc3 h6 8.
Bh4 Nbd7 9. e3 b6 10. Bd3 Bb7 11. f3 e5 12. d5 Nc5 13. e4 g5 14. Bf2 Nh5 15.
Ne2 Bc8 16. h3 Qf6 17. O-O Kh8 18. a4 a5 19. Bxc5 bxc5 20. Rab1 Rg8 21. Rb5 Nf4
22. Nxf4 gxf4 23. Kh1 Qh4 24. Qf2 Rg3 25. Rfb1 Bxh3 0-1

[Event "PLZEN 2022 – CALLIDITAS OPEN"]
[Site "Plzen (Ceska republika)"]
[Date "2022.08.22"]
[Round "3.19"]
[White "Hajsman, Ladislav"]
[Black "Karapetsas, Athanasios"]
[Result "1-0"]
[WhiteElo "1797"]
[BlackElo "1478"]
[PlyCount "49"]
[EventDate "2022.08.20"]

1. d4 d5 2. c4 dxc4 3. Nf3 Nf6 4. e3 Bf5 5. Bxc4 e6 6. O-O Nbd7 7. Nc3 c6 8. a3
Bd6 9. Re1 Ne4 10. Nxe4 Bxe4 11. Bd3 Bxd3 12. Qxd3 O-O 13. e4 e5 14. Bg5 f6 15.
dxe5 Nxe5 16. Nxe5 Bxe5 17. Qb3+ Rf7 18. Be3 Qc7 19. g3 Rd8 20. Bxa7 Rd2 21.
Rab1 Qa5 22. Bb6 Qa6 23. Red1 Qe2 24. Rxd2 Qxd2 25. Rd1 1-0

[Event "PLZEN 2022 – CALLIDITAS OPEN"]
[Site "Plzen (Ceska republika)"]
[Date "2022.08.22"]
[Round "3.21"]
[White "Kalista, Karel"]
[Black "Humeniuk, Artur"]
[Result "0-1"]
[WhiteElo "1643"]
[BlackElo "1027"]
[PlyCount "86"]
[EventDate "2022.08.20"]

1. d4 Nf6 2. c4 e6 3. Nf3 b6 4. g3 Bb7 5. Bg2 Be7 6. O-O O-O 7. Nc3 Ne4 8. Qc2
Nxc3 9. Qxc3 c5 10. Qc2 f5 11. Rd1 Be4 12. Qd2 d6 13. b3 Bf6 14. Bb2 Nc6 15. d5
Bxb2 16. Qxb2 exd5 17. cxd5 Nb4 18. Ne1 Bxg2 19. Nxg2 Na6 20. Nf4 Nc7 21. Qd2
Qf6 22. Rac1 Rfe8 23. e3 Re5 24. Qc3 Qf7 25. Rd3 Nxd5 26. Nxd5 Rxd5 27. Rcd1
Rxd3 28. Qxd3 Rd8 29. Qd5 Qxd5 30. Rxd5 g6 31. Kf1 Kf7 32. Ke2 Ke6 33. Rd2 d5
34. f4 Rd6 35. Kf3 b5 36. Rb2 a5 37. h3 b4 38. g4 c4 39. g5 c3 40. Rc2 d4 41.
exd4 Rxd4 42. Re2+ Re4 43. Rc2 Kd5 0-1

[Event "PLZEN 2022 – CALLIDITAS OPEN"]
[Site "Plzen (Ceska republika)"]
[Date "2022.08.22"]
[Round "3.28"]
[White "Roubal, Frantisek"]
[Black "Soutner, Jaroslav"]
[Result "1/2-1/2"]
[WhiteElo "1240"]
[BlackElo "1702"]
[PlyCount "42"]
[EventDate "2022.08.20"]

1. d4 Nf6 2. Nf3 d5 3. Bf4 c5 4. c3 e6 5. Nbd2 Bd6 6. Bxd6 Qxd6 7. e3 O-O 8.
Bd3 b6 9. O-O Ba6 10. Bxa6 Nxa6 11. a3 c4 12. Re1 Rac8 13. e4 Nxe4 14. Nxe4
dxe4 15. Rxe4 Nb8 16. Qc2 Nd7 17. Rae1 Nf6 18. Re5 Rcd8 19. h3 Qc6 20. Ng5 Rd5
21. Rxd5 Qxd5 1/2-1/2

[Event "PLZEN 2022 – CALLIDITAS OPEN"]
[Site "Plzen (Ceska republika)"]
[Date "2022.08.22"]
[Round "4.1"]
[White "Pokrupa, Marek"]
[Black "Flajsman, Pavel"]
[Result "0-1"]
[WhiteElo "2124"]
[BlackElo "2189"]
[PlyCount "64"]
[EventDate "2022.08.20"]

1. Nf3 d5 2. g3 Nf6 3. Bg2 e6 4. O-O c5 5. d3 Nc6 6. Nbd2 Be7 7. e4 O-O 8. Re1
Qc7 9. e5 Nd7 10. Qe2 b5 11. h4 Bb7 12. c3 Rfd8 13. Nf1 d4 14. Bf4 Nb6 15. cxd4
Nxd4 16. Nxd4 Rxd4 17. Ne3 Bxg2 18. Nxg2 Rad8 19. Rec1 Rxd3 20. Ne1 R3d5 21.
Qxb5 c4 22. Qa6 Bb4 23. Be3 Bc5 24. Bxc5 Qxc5 25. Nf3 Rd3 26. Rc3 Rxc3 27. bxc3
Nd5 28. Rd1 Rb8 29. Rd4 Rb1+ 30. Kg2 Rb2 31. Qxc4 Qxc4 32. Rxc4 Ne3+ 0-1

[Event "PLZEN 2022 – CALLIDITAS OPEN"]
[Site "Plzen (Ceska republika)"]
[Date "2022.08.22"]
[Round "4.2"]
[White "Vlk, Miloslav"]
[Black "Neuman, Petr"]
[Result "0-1"]
[WhiteElo "1971"]
[BlackElo "2393"]
[PlyCount "80"]
[EventDate "2022.08.20"]

1. c4 g6 2. Nc3 Bg7 3. g3 e5 4. Bg2 f5 5. e3 Nf6 6. Nge2 O-O 7. O-O c6 8. d4 e4
9. d5 Na6 10. b3 Nb4 11. a4 a5 12. Ba3 c5 13. d6 b6 14. Bxb4 axb4 15. Nb5 Bb7
16. Ra2 Bc6 17. Qd2 g5 18. Rd1 Ra5 19. Bh3 Ne8 20. g4 f4 21. Bf1 Be5 22. h3 Qf6
23. Rc2 Rf7 24. Kh1 h5 25. gxh5 Rh7 26. Ng1 Rxh5 27. Be2 f3 28. Bf1 g4 29. Qe1
Qh6 30. Qd2 gxh3 31. Qe1 h2 32. Nh3 Rxh3 33. Bxh3 Qxh3 34. Qf1 Qg4 35. Rcd2 Nf6
36. Nc7 Kf7 37. Nd5 Bxd5 38. Rxd5 Nxd5 39. Rxd5 Kf6 40. Rxe5 Qg1+ 0-1

[Event "PLZEN 2022 – CALLIDITAS OPEN"]
[Site "Plzen (Ceska republika)"]
[Date "2022.08.22"]
[Round "4.3"]
[White "Eret, Matous"]
[Black "Mametev, Artem"]
[Result "1-0"]
[WhiteElo "2261"]
[BlackElo "1920"]
[PlyCount "53"]
[EventDate "2022.08.20"]

1. c4 Nf6 2. Nc3 g6 3. g3 Bg7 4. Bg2 O-O 5. Nf3 d6 6. d3 e5 7. Bd2 Nc6 8. O-O
h6 9. Nd5 Nxd5 10. cxd5 Ne7 11. Qb3 c6 12. dxc6 Nxc6 13. Rac1 Qc7 14. a4 Be6
15. Qa3 a5 16. Bc3 f5 17. Rfd1 Qf7 18. Qxd6 Rfd8 19. Qc5 Bb3 20. Re1 Bxa4 21.
Nxe5 Nxe5 22. Bxe5 Bxe5 23. Qxe5 Rd7 24. Rc5 Re8 25. Bd5 Rxd5 26. Qxd5 Re6 27.
Rc8+ 1-0

[Event "PLZEN 2022 – CALLIDITAS OPEN"]
[Site "Plzen (Ceska republika)"]
[Date "2022.08.22"]
[Round "4.4"]
[White "Haba, Zdenek"]
[Black "Langmajer, Jan"]
[Result "1/2-1/2"]
[WhiteElo "2156"]
[BlackElo "1871"]
[PlyCount "89"]
[EventDate "2022.08.20"]

1. d4 Nf6 2. c4 d6 3. Nc3 Nbd7 4. e4 e5 5. Nf3 Be7 6. Be2 O-O 7. O-O c6 8. Re1
Qc7 9. Bf1 a5 10. Bg5 exd4 11. Nxd4 Nc5 12. Bh4 Re8 13. Bg3 Bf8 14. f3 Bd7 15.
Rb1 Rad8 16. a3 Bc8 17. b4 axb4 18. axb4 Ne6 19. Na4 Nxd4 20. Qxd4 Nh5 21. Bf2
g6 22. g4 Ng7 23. Qb6 Qe7 24. b5 c5 25. Nc3 Be6 26. Nd5 Bxd5 27. exd5 Qd7 28.
Rxe8 Nxe8 29. Ra1 Rb8 30. Ra7 Be7 31. Qa5 Nc7 32. Qa1 Qd8 33. Qe1 Bf6 34. Ra2
Qd7 35. Re2 Re8 36. Rxe8+ Nxe8 37. Qa5 Bd8 38. Qa8 Kg7 39. Bd3 Qe7 40. Kg2 Kg8
41. Bc2 Kf8 42. Ba4 Kg7 43. b6 Nf6 44. Qa7 Nxg4 45. fxg4 1/2-1/2

[Event "PLZEN 2022 – CALLIDITAS OPEN"]
[Site "Plzen (Ceska republika)"]
[Date "2022.08.22"]
[Round "4.5"]
[White "Bechynsky, Jan"]
[Black "Egri, Tomas"]
[Result "0-1"]
[WhiteElo "1982"]
[BlackElo "1783"]
[PlyCount "66"]
[EventDate "2022.08.20"]

1. e4 e6 2. Qe2 Be7 3. g3 d5 4. exd5 exd5 5. Bg2 Nf6 6. Nf3 O-O 7. O-O Re8 8.
d4 Bg4 9. h3 Bf5 10. Be3 Ne4 11. Nbd2 Nd7 12. c4 c6 13. cxd5 cxd5 14. g4 Bg6
15. Qb5 Nb6 16. Ne5 Bf6 17. Nxg6 hxg6 18. Nxe4 dxe4 19. a4 Qd5 20. Qe2 Nc4 21.
Rac1 Rac8 22. Rc3 Nb6 23. Qc2 Rc4 24. Rc1 Rxc3 25. bxc3 Nc4 26. Bf4 Bg5 27.
Bxg5 Qxg5 28. Bxe4 Rxe4 29. Qxe4 Qxc1+ 30. Kg2 Qf1+ 31. Kxf1 Nd2+ 32. Ke2 Nxe4
33. c4 Nc3+ 0-1

[Event "PLZEN 2022 – CALLIDITAS OPEN"]
[Site "Plzen (Ceska republika)"]
[Date "2022.08.22"]
[Round "4.6"]
[White "Hurtak, Otto"]
[Black "Yagiz, Bora"]
[Result "1/2-1/2"]
[WhiteElo "1893"]
[BlackElo "2154"]
[PlyCount "99"]
[EventDate "2022.08.20"]

1. c4 e5 2. Nc3 Nf6 3. g3 c6 4. d4 d6 5. Bg2 Be7 6. e3 O-O 7. Nge2 Na6 8. O-O
Nc7 9. b3 exd4 10. exd4 d5 11. c5 Bf5 12. Nf4 Re8 13. Re1 Bf8 14. Bb2 Qd7 15.
Rxe8 Rxe8 16. Qf1 Ne4 17. Rd1 Be7 18. a4 Bg5 19. Nce2 Ne6 20. Bc1 Bd8 21. Nd3
Bc7 22. b4 h5 23. f4 f6 24. Nf2 Nxf2 25. Kxf2 Bc2 26. Re1 Bxa4 27. Nc3 Bb3 28.
Qe2 g6 29. f5 Ng7 30. Be3 Qxf5+ 31. Kg1 Qc2 32. Qxc2 Bxc2 33. Bh3 Bf5 34. Bg2
a6 35. Kf2 Kf7 36. Nxd5 cxd5 37. Bxd5+ Be6 38. Bxb7 Bc4 39. d5 Be5 40. Rc1 Bb5
41. c6 Bc7 42. d6 Bxd6 43. c7 Bxc7 44. Rxc7+ Re7 45. Bd5+ Ke8 46. Rxe7+ Kxe7
47. Bc5+ Ke8 48. Bd4 Ke7 49. Bc5+ Ke8 50. Bd4 1/2-1/2

[Event "PLZEN 2022 – CALLIDITAS OPEN"]
[Site "Plzen (Ceska republika)"]
[Date "2022.08.22"]
[Round "4.7"]
[White "Turner, Radek"]
[Black "Koper, Stefan"]
[Result "1/2-1/2"]
[WhiteElo "2028"]
[BlackElo "1823"]
[PlyCount "61"]
[EventDate "2022.08.20"]

1. c4 Nf6 2. g3 c6 3. Nf3 d5 4. Bg2 d4 5. b3 c5 6. O-O Nc6 7. d3 e5 8. Nbd2 Bd6
9. Bb2 O-O 10. e3 Bf5 11. e4 Bd7 12. a3 a5 13. Nh4 Re8 14. h3 g6 15. Bc1 Nh5
16. Ndf3 Be7 17. Qd2 Bf8 18. Qe2 Qc8 19. Kh2 f6 20. Ng1 Bd6 21. Bd2 Qc7 22.
Rfc1 Be6 23. Rab1 b6 24. Bf3 Ng7 25. Bh6 Ra7 26. Bd2 Bf7 27. Qe1 Ne7 28. b4
axb4 29. axb4 Ra3 30. Be2 f5 31. bxc5 1/2-1/2

[Event "PLZEN 2022 – CALLIDITAS OPEN"]
[Site "Plzen (Ceska republika)"]
[Date "2022.08.22"]
[Round "4.8"]
[White "Bartonicek, Zdenek"]
[Black "Hajsman, Ladislav"]
[Result "1-0"]
[WhiteElo "1923"]
[BlackElo "1797"]
[PlyCount "59"]
[EventDate "2022.08.20"]

1. e4 c5 2. Be2 Nc6 3. d3 e6 4. f4 d6 5. Nf3 g6 6. O-O Bg7 7. c3 Nge7 8. Qe1 f5
9. Nbd2 h6 10. Qg3 Bd7 11. Nh4 Kf7 12. Ndf3 Bf6 13. e5 Bxh4 14. Qxh4 dxe5 15.
Nxe5+ Nxe5 16. fxe5 Nc6 17. Qg3 Qc7 18. Bf3 Rag8 19. Be3 b6 20. d4 g5 21. Bh5+
Ke7 22. Bf2 Be8 23. Be2 cxd4 24. cxd4 Nb4 25. Rac1 Qb7 26. Qc3 Nd5 27. Qa3+ Kf7
28. Bf3 Bb5 29. Bxd5 exd5 30. Qd6 1-0

[Event "PLZEN 2022 – CALLIDITAS OPEN"]
[Site "Plzen (Ceska republika)"]
[Date "2022.08.22"]
[Round "4.10"]
[White "Papay, Jindrich"]
[Black "Svejda, Karel"]
[Result "1/2-1/2"]
[WhiteElo "1906"]
[BlackElo "1603"]
[PlyCount "106"]
[EventDate "2022.08.20"]

1. f4 Nf6 2. Nf3 d5 3. g3 g6 4. Bg2 Bg7 5. O-O O-O 6. c3 c6 7. h3 Nbd7 8. d3
Re8 9. Nh4 e5 10. f5 e4 11. fxg6 fxg6 12. d4 Nh5 13. Qe1 Bf6 14. Be3 Nxg3 15.
Qxg3 Bxh4 16. Qh2 Bg5 17. Qg3 Bxe3+ 18. Qxe3 Nf6 19. Nd2 Bf5 20. Rf2 Qd6 21.
Nf1 Nh5 22. Qg5 Rf8 23. Ne3 Qg3 24. Qxg3 Nxg3 25. Kh2 Nh5 26. Raf1 Be6 27. Nd1
Rxf2 28. Rxf2 Rf8 29. Rxf8+ Kxf8 30. e3 g5 31. Bf1 Kf7 32. Be2 Nf6 33. Kg3 h5
34. Nf2 Kg6 35. a4 Ne8 36. Nd1 Nd6 37. b4 Bd7 38. Bf1 g4 39. hxg4 Bxg4 40. Nf2
Kg5 41. Nh3+ Bxh3 42. Bxh3 Nf5+ 43. Kf2 h4 44. Ke2 b6 45. Kf2 Nh6 46. Ke1 Ng4
47. Ke2 a5 48. Bg2 Kh5 49. Bh3 Kg5 50. Bg2 Kg6 51. Bh3 Kh5 52. Bg2 Nh2 53. Bh3
Ng4 1/2-1/2

[Event "PLZEN 2022 – CALLIDITAS OPEN"]
[Site "Plzen (Ceska republika)"]
[Date "2022.08.22"]
[Round "4.11"]
[White "Diachek, Andriy"]
[Black "Ondrejat, Miroslav"]
[Result "0-1"]
[WhiteElo "1516"]
[BlackElo "1900"]
[PlyCount "110"]
[EventDate "2022.08.20"]

1. e4 c5 2. Nf3 d6 3. c3 Nf6 4. h3 Nc6 5. Bd3 e5 6. O-O Be7 7. Bc2 O-O 8. Re1
Nd7 9. d4 Bf6 10. d5 Ne7 11. c4 Ng6 12. Nc3 a6 13. Bd3 Qe8 14. g3 Bd8 15. h4
Ba5 16. h5 Ne7 17. Nh4 Nf6 18. Bg5 h6 19. Bxf6 gxf6 20. Be2 Bxc3 21. bxc3 f5
22. Qd2 Kg7 23. f4 f6 24. fxe5 fxe5 25. Rf1 fxe4 26. Rxf8 Qxf8 27. Rf1 Qg8 28.
Qe3 Bd7 29. Qxe4 Rf8 30. Bg4 Rxf1+ 31. Kxf1 Qf7+ 32. Kg2 Be8 33. Bd1 Qf6 34.
Qg4+ Kf8 35. Qe4 Qg5 36. Nf3 Qxh5 37. Qh7 Qg6 38. Qh8+ Ng8 39. Nh4 Qd3 40. Bg4
Qe4+ 41. Bf3 Qc2+ 42. Kh3 Qb1 43. g4 Bg6 44. Kh2 Qxa2+ 45. Bg2 Qc2 46. Kg1 a5
47. Bh3 a4 48. g5 Qc1+ 49. Kf2 Qxg5 50. Be6 Qxh4+ 51. Ke2 Qxc4+ 52. Kd2 Qd3+
53. Ke1 Qxc3+ 54. Kf2 Qd2+ 55. Kg3 Bf7 0-1

[Event "PLZEN 2022 – CALLIDITAS OPEN"]
[Site "Plzen (Ceska republika)"]
[Date "2022.08.22"]
[Round "4.13"]
[White "Humeniuk, Artur"]
[Black "Pelikan, David"]
[Result "1/2-1/2"]
[WhiteElo "1027"]
[BlackElo "1997"]
[PlyCount "98"]
[EventDate "2022.08.20"]

1. e4 b6 2. d4 Bb7 3. Bd3 f5 4. exf5 Nf6 5. Nf3 e6 6. Qe2 Qe7 7. Bg5 Nc6 8. c3
O-O-O 9. Nbd2 h6 10. Bxf6 gxf6 11. fxe6 dxe6 12. O-O-O Rg8 13. Rhg1 Kb8 14. Bc4
Re8 15. d5 exd5 16. Qxe7 Nxe7 17. Bd3 Nc8 18. g3 Nd6 19. Rde1 Ne4 20. Nd4 Bc5
21. Bxe4 dxe4 22. N2b3 Bxd4 23. Nxd4 Re5 24. Nc2 Rd8 25. Rd1 Kc8 26. Ne3 Ba6
27. Rge1 Bd3 28. Rd2 h5 29. h4 a5 30. Ng2 b5 31. Nf4 c5 32. Ng6 Ree8 33. Nf4
Rh8 34. Ne6 Rd5 35. Nf4 Rd7 36. Ne6 c4 37. Nc5 f5 38. Nxd7 Kxd7 39. b3 Kc6 40.
Kb2 Kc5 41. Ra1 Rb8 42. Rc1 Rf8 43. Rg1 Rg8 44. Rdd1 Rg6 45. Rde1 Re6 46. Re3
Kd5 47. Rge1 Rg6 48. Rg1 Re6 49. Rge1 Rg6 1/2-1/2

[Event "PLZEN 2022 – CALLIDITAS OPEN"]
[Site "Plzen (Ceska republika)"]
[Date "2022.08.22"]
[Round "4.14"]
[White "Chudek, Lubomir"]
[Black "Hodan, Jiri"]
[Result "0-1"]
[WhiteElo "1770"]
[BlackElo "1878"]
[PlyCount "110"]
[EventDate "2022.08.20"]

1. e4 e5 2. Nf3 Nc6 3. Bc4 Bc5 4. c3 Nf6 5. d4 exd4 6. e5 d5 7. Bb5 Ne4 8. cxd4
Bb4+ 9. Bd2 Nxd2 10. Nbxd2 O-O 11. Bxc6 bxc6 12. O-O c5 13. a3 Bxd2 14. Qxd2 c4
15. b3 cxb3 16. Rfb1 Rb8 17. Qc3 Bf5 18. Rxb3 Qd7 19. Rc1 Rb6 20. h3 Rfb8 21.
Rxb6 cxb6 22. Qc7 Rc8 23. Qxc8+ Qxc8 24. Rxc8+ Bxc8 25. Kf1 Kf8 26. Ke2 Ke7 27.
Ke3 h6 28. h4 Ke6 29. Kf4 a5 30. Ke3 Ba6 31. Nd2 Kf5 32. f3 h5 33. g3 a4 34.
Nb1 Bc4 35. Nc3 b5 36. Kd2 g5 37. hxg5 Kxg5 38. Nb1 h4 39. gxh4+ Kxh4 40. Ke3
Kg5 41. f4+ Kg4 42. Nc3 b4 43. axb4 a3 44. b5 Bxb5 45. Kd2 Bc4 46. Kc2 Kxf4 47.
Na4 Ke4 48. Nc5+ Kxd4 49. e6 f5 50. e7 Bb5 51. Ne6+ Ke5 52. Nc7 Ba4+ 53. Kb1 f4
54. Ka2 f3 55. Kxa3 Bc6 0-1

[Event "PLZEN 2022 – CALLIDITAS OPEN"]
[Site "Plzen (Ceska republika)"]
[Date "2022.08.22"]
[Round "4.15"]
[White "Hosnedl, Jiri"]
[Black "Berka, Lubos"]
[Result "1/2-1/2"]
[WhiteElo "1860"]
[BlackElo "1678"]
[PlyCount "76"]
[EventDate "2022.08.20"]

1. d4 d6 2. e4 Nf6 3. f3 g6 4. Bd3 Bg7 5. Ne2 O-O 6. Be3 Nbd7 7. O-O a6 8. c4
c5 9. Nbc3 cxd4 10. Bxd4 Nc5 11. b4 Nxd3 12. Qxd3 Bd7 13. Rfc1 Rc8 14. a4 Bh6
15. Rd1 Be6 16. Nd5 Nxd5 17. cxd5 Bd7 18. Be3 Bg7 19. Ra2 Qc7 20. Rc1 Qb8 21.
Qb3 Rxc1+ 22. Nxc1 Rc8 23. Rc2 Rxc2 24. Qxc2 Qc8 25. Qxc8+ Bxc8 26. b5 Bd7 27.
bxa6 bxa6 28. a5 Ba4 29. Na2 Bb5 30. Bb6 f5 31. Kf2 fxe4 32. fxe4 Bf6 33. Ke3
Kf7 34. Nb4 h5 35. Nc6 Bg5+ 36. Kd4 Bf6+ 37. Ke3 Bg5+ 38. Kd4 Bf6+ 1/2-1/2

[Event "PLZEN 2022 – CALLIDITAS OPEN"]
[Site "Plzen (Ceska republika)"]
[Date "2022.08.22"]
[Round "4.16"]
[White "Macho, Miloslav"]
[Black "Mohylnyi, Stepan"]
[Result "1/2-1/2"]
[WhiteElo "1635"]
[BlackElo "1709"]
[PlyCount "61"]
[EventDate "2022.08.20"]

1. Nf3 Nf6 2. g3 g6 3. Bg2 Bg7 4. O-O O-O 5. c4 d6 6. Nc3 Nbd7 7. Rb1 c5 8. d3
a6 9. a3 Ng4 10. Bd2 a5 11. Qc1 Re8 12. b4 axb4 13. axb4 Nge5 14. Nxe5 Bxe5 15.
bxc5 Nxc5 16. Re1 Rb8 17. Ne4 Nxe4 18. Bxe4 Qc7 19. Bf4 Bxf4 20. Qxf4 Bd7 21.
Bd5 e6 22. Bg2 Bc6 23. Rec1 Bxg2 24. Kxg2 Qc6+ 25. Qf3 Rec8 26. Qxc6 bxc6 27.
Rxb8 Rxb8 28. Ra1 Rb6 29. Ra5 c5 30. Rb5 Ra6 31. Kf3 1/2-1/2

[Event "PLZEN 2022 – CALLIDITAS OPEN"]
[Site "Plzen (Ceska republika)"]
[Date "2022.08.22"]
[Round "4.17"]
[White "Tykalova, Barbora"]
[Black "Flajsman, Petr"]
[Result "0-1"]
[WhiteElo "1168"]
[BlackElo "1907"]
[PlyCount "54"]
[EventDate "2022.08.20"]

1. e4 g6 2. Nf3 Bg7 3. Bc4 c6 4. O-O d5 5. exd5 cxd5 6. Be2 Nc6 7. d4 Bg4 8.
Be3 e6 9. Nc3 Nge7 10. h3 Bxf3 11. Bxf3 Nf5 12. Qd2 Ncxd4 13. Qd1 Nxf3+ 14.
Qxf3 d4 15. Rad1 Qe7 16. Bf4 dxc3 17. bxc3 O-O 18. Rfe1 Rfd8 19. Rb1 b6 20.
Rbd1 Rac8 21. Rb1 Rxc3 22. Qe2 Rdc8 23. Rec1 Qc5 24. Rb2 Rc4 25. Rb3 Rxf4 26.
Qd2 Rxf2 27. Qxf2 Bd4 0-1

[Event "PLZEN 2022 – CALLIDITAS OPEN"]
[Site "Plzen (Ceska republika)"]
[Date "2022.08.22"]
[Round "4.18"]
[White "Karapetsas, Athanasios"]
[Black "Pasek, Martin"]
[Result "0-1"]
[WhiteElo "1478"]
[BlackElo "1826"]
[PlyCount "70"]
[EventDate "2022.08.20"]

1. d4 Nf6 2. c4 d6 3. Nc3 e5 4. dxe5 dxe5 5. Qxd8+ Kxd8 6. Bg5 c6 7. O-O-O+ Kc7
8. e4 Be6 9. b3 Bb4 10. Bxf6 gxf6 11. Kb2 Nd7 12. a3 Be7 13. g3 Rad8 14. b4 a5
15. Na2 Nb6 16. Rxd8 Rxd8 17. Kb3 Rd2 18. Nc3 Rxf2 19. Be2 a4+ 20. Nxa4 Rxe2
21. Nxe2 Bxc4+ 22. Kc3 Bxe2 23. Nb2 Bg4 24. h3 Bf3 25. Re1 Nc8 26. Re3 Bh5 27.
g4 Bg6 28. Nd1 h5 29. Nb2 Nd6 30. Kd3 hxg4 31. hxg4 b5 32. Re2 Kd7 33. Re1 Ke6
34. Re2 Nxe4 35. Rxe4 Kd5 0-1

[Event "PLZEN 2022 – CALLIDITAS OPEN"]
[Site "Plzen (Ceska republika)"]
[Date "2022.08.22"]
[Round "4.20"]
[White "Hadac, Pavel"]
[Black "Stepanek, Vit"]
[Result "0-1"]
[WhiteElo "1801"]
[BlackElo "1518"]
[PlyCount "100"]
[EventDate "2022.08.20"]

1. d4 Nf6 2. Nf3 g6 3. c4 Bg7 4. Nc3 O-O 5. e4 d6 6. Be2 Nbd7 7. O-O c5 8. d5
Nb6 9. h3 Bd7 10. a4 a5 11. Qc2 Qc7 12. Ra2 Rfd8 13. b3 Be8 14. Bf4 Nh5 15. Bh2
Nd7 16. Ng5 Nhf6 17. f4 h6 18. Nf3 e5 19. dxe6 fxe6 20. Rd1 Nb8 21. Nb5 Qc6 22.
e5 Ne4 23. Bd3 dxe5 24. Bxe4 Rxd1+ 25. Qxd1 Qxe4 26. Re2 Qc6 27. Nxe5 Bxe5 28.
fxe5 Na6 29. Qd6 b6 30. Rf2 Qxd6 31. Nxd6 Nc7 32. Rf6 Kg7 33. Kf2 Rd8 34. Ke3
Rxd6 35. Rxg6+ Kxg6 36. exd6 Na6 37. g4 Kf6 38. Bf4 Kg7 39. Ke4 Bd7 40. Ke5 Nb4
41. g5 Nd3+ 42. Ke4 Nxf4 43. gxh6+ Kxh6 44. Kxf4 Kg6 45. h4 Kf6 46. h5 e5+ 47.
Ke4 Bc6+ 48. Ke3 Kg5 49. d7 Bxd7 50. Ke4 Bf5+ 0-1

[Event "PLZEN 2022 – CALLIDITAS OPEN"]
[Site "Plzen (Ceska republika)"]
[Date "2022.08.22"]
[Round "4.21"]
[White "Kalveus, Jan"]
[Black "Rehacek, Jan"]
[Result "1-0"]
[WhiteElo "1790"]
[BlackElo "1324"]
[PlyCount "101"]
[EventDate "2022.08.20"]

1. d4 d5 2. c4 e6 3. Nc3 Nf6 4. Bg5 Be7 5. e3 c6 6. Nf3 b6 7. Bd3 Nbd7 8. Rc1
Bb7 9. O-O h6 10. Bh4 O-O 11. cxd5 Nxd5 12. Bg3 N7f6 13. e4 Nxc3 14. bxc3 Rc8
15. Qe2 Nh5 16. Be5 Bd6 17. Bxd6 Qxd6 18. e5 Qe7 19. Qe4 g6 20. Qe3 Kh7 21. g4
Ng7 22. Be4 Rh8 23. h3 Kg8 24. Nd2 c5 25. Bxb7 Qxb7 26. Ne4 cxd4 27. cxd4 Rxc1
28. Rxc1 Ne8 29. f3 Kg7 30. Qc3 Rf8 31. Kg2 Qd7 32. Qc4 Qb7 33. Qc6 Qa6 34. Qc4
Qa3 35. Rc2 Qe7 36. Kg3 g5 37. Kg2 f5 38. Ng3 fxg4 39. hxg4 Qf7 40. Qc3 Kh8 41.
Nh5 Qe7 42. a3 Qb7 43. Qd3 Qf7 44. Qe3 Qb7 45. Kg3 Qa8 46. Kg2 Qb7 47. Qd3 Qf7
48. Qe4 Rg8 49. Rc6 Qe7 50. d5 exd5 51. Rxh6+ 1-0

[Event "PLZEN 2022 – CALLIDITAS OPEN"]
[Site "Plzen (Ceska republika)"]
[Date "2022.08.22"]
[Round "4.22"]
[White "Soutner, Jaroslav"]
[Black "Andrusevych, Andriy"]
[Result "1/2-1/2"]
[WhiteElo "1702"]
[BlackElo "1144"]
[PlyCount "95"]
[EventDate "2022.08.20"]

1. e4 c5 2. Nf3 d6 3. d4 cxd4 4. Nxd4 Nf6 5. Nc3 a6 6. Be2 Nbd7 7. O-O Nc5 8.
Bf3 Qc7 9. Nd5 Nxd5 10. exd5 g6 11. Re1 Nd7 12. Bg5 Ne5 13. Be2 h6 14. Bh4 g5
15. Bg3 Ng6 16. Bh5 Rg8 17. Qd3 Bd7 18. Ne6 Qb6 19. Nxf8 Kxf8 20. b3 Qc5 21.
Re2 b5 22. Rae1 Re8 23. Re3 a5 24. Kh1 Qc8 25. Qe2 Qd8 26. Bxg6 Rxg6 27. h4 e5
28. dxe6 Rgxe6 29. Qd2 Bc6 30. Rxe6 Rxe6 31. Rxe6 fxe6 32. Bxd6+ Kf7 33. Qd3
Qf6 34. hxg5 Qxg5 35. Bg3 Qf5 36. Qxf5+ exf5 37. f3 a4 38. bxa4 bxa4 39. a3 Ke6
40. Kg1 Kd5 41. Be1 h5 42. Kf2 Ke5 43. Ke3 Bb5 44. Bc3+ Ke6 45. Bg7 Bf1 46. g3
Bb5 47. f4 Kd5 48. Bf6 1/2-1/2

[Event "PLZEN 2022 – CALLIDITAS OPEN"]
[Site "Plzen (Ceska republika)"]
[Date "2022.08.22"]
[Round "4.26"]
[White "Kotesovec, Jaroslav"]
[Black "Kalista, Karel"]
[Result "0-1"]
[WhiteElo "1482"]
[BlackElo "1643"]
[PlyCount "62"]
[EventDate "2022.08.20"]

1. e4 e5 2. Nf3 Nf6 3. Nxe5 d6 4. Nf3 Nxe4 5. d3 Nf6 6. h3 Be7 7. Be2 O-O 8. c4
d5 9. O-O Nc6 10. d4 Bf5 11. Nc3 dxc4 12. Bxc4 Nb4 13. a3 Nbd5 14. Re1 c6 15.
Re5 Nxc3 16. bxc3 Be4 17. Bg5 Bd5 18. Bd3 Be6 19. Bh4 h6 20. Bc2 Qe8 21. Qd3 g6
22. Qe3 Kg7 23. Bxg6 Kxg6 24. Re1 Bd8 25. Qf4 Qd7 26. Qg3+ Kh7 27. Ng5+ hxg5
28. Rxg5 Rg8 29. Qd3+ Rg6 30. Rge5 Kg7 31. Bxf6+ Bxf6 0-1

[Event "PLZEN 2022 – CALLIDITAS OPEN"]
[Site "Plzen (Ceska republika)"]
[Date "2022.08.22"]
[Round "4.29"]
[White "Zoufaly, Petr"]
[Black "Roubal, Frantisek"]
[Result "1-0"]
[WhiteElo "1656"]
[BlackElo "1240"]
[PlyCount "85"]
[EventDate "2022.08.20"]

1. d4 d5 2. Nf3 Nf6 3. e3 Bf5 4. Be2 h6 5. c4 c6 6. Nc3 e6 7. Qb3 Qb6 8. c5
Qxb3 9. axb3 Be7 10. O-O O-O 11. b4 Nbd7 12. b5 cxb5 13. Bxb5 Rfc8 14. b4 a6
15. Bxd7 Nxd7 16. Bb2 Nf6 17. Nd2 Ne4 18. Ndxe4 Bxe4 19. f3 Bd3 20. Rfe1 Bf6
21. Na4 Bd8 22. e4 Bc4 23. exd5 Bxd5 24. Nc3 Bc6 25. Rad1 Bc7 26. d5 exd5 27.
Nxd5 Bxd5 28. Rxd5 Kf8 29. Rd7 Bd8 30. Rxb7 Bc7 31. Ba3 f6 32. Kf1 Rab8 33.
Rxb8 Rxb8 34. g3 a5 35. Re4 axb4 36. Bxb4 Kf7 37. Ke2 Bd8 38. Kd3 Ra8 39. Re2
Be7 40. Kc4 Rb8 41. Ba5 Bd8 42. Bxd8 Rxd8 43. c6 1-0

[Event "PLZEN 2022 – CALLIDITAS OPEN"]
[Site "Plzen (Ceska republika)"]
[Date "2022.08.23"]
[Round "5.1"]
[White "Flajsman, Pavel"]
[Black "Neuman, Petr"]
[Result "0-1"]
[WhiteElo "2189"]
[BlackElo "2393"]
[PlyCount "84"]
[EventDate "2022.08.20"]

1. d4 g6 2. c4 Bg7 3. g3 Nf6 4. Bg2 O-O 5. Nc3 d6 6. Nf3 c6 7. O-O Qa5 8. e4
Bg4 9. h3 Bxf3 10. Bxf3 e5 11. d5 cxd5 12. cxd5 Nbd7 13. Be3 Rfc8 14. Qb1 h5
15. Rc1 a6 16. b4 Qd8 17. Qd3 Kh7 18. Ne2 Bh6 19. Bxh6 Kxh6 20. Rxc8 Rxc8 21.
Rc1 Kg7 22. Rxc8 Qxc8 23. Qc3 Qd8 24. Nc1 h4 25. Kg2 hxg3 26. fxg3 Nh7 27. Nb3
Ng5 28. Nd2 Nf6 29. h4 Nxf3 30. Kxf3 Qd7 31. Kg2 Qg4 32. Qf3 Qc8 33. Qd3 b5 34.
a3 Qc1 35. Nf1 Nd7 36. Qe3 Qc2+ 37. Nd2 Nf6 38. Kf3 Qd1+ 39. Kg2 Ng4 40. Qd3 f5
41. exf5 gxf5 42. h5 Kh6 0-1

[Event "PLZEN 2022 – CALLIDITAS OPEN"]
[Site "Plzen (Ceska republika)"]
[Date "2022.08.23"]
[Round "5.2"]
[White "Egri, Tomas"]
[Black "Eret, Matous"]
[Result "0-1"]
[WhiteElo "1783"]
[BlackElo "2261"]
[PlyCount "68"]
[EventDate "2022.08.20"]

1. e4 c5 2. Nf3 e6 3. d4 cxd4 4. Nxd4 a6 5. a3 Nf6 6. Nc3 Qc7 7. Be3 Be7 8. f3
d6 9. Qd2 Bd7 10. g4 h6 11. h4 Nc6 12. O-O-O Ne5 13. Be2 b5 14. g5 Nh5 15. Rhg1
hxg5 16. hxg5 g6 17. f4 Nc4 18. Bxc4 bxc4 19. f5 Qb7 20. fxe6 fxe6 21. Nde2 Rb8
22. Qd4 O-O 23. Nb1 Rf3 24. Nd2 Rxe3 25. Rde1 Rh3 26. Nxc4 e5 27. Qd5+ Qxd5 28.
exd5 Bb5 29. Na5 Bd8 30. Nc6 Bxc6 31. dxc6 Rc8 32. Nc3 Nf4 33. Ne4 Rxc6 34. Rd1
Ne2+ 0-1